The BIG book of space

Bibliographic Details
Format: Book
Published: London : The Octopus Publishing , 1990
Series:The big book of ...

MARC

LEADER 00000cam a2200000 7i4500
001 0000000183
002 000000245
005 20000330.0
020 |a 0600558983 
090 0 0 |a 032.02   |b BIG 
245 0 4 |a The BIG book of space 
260 |a London :   |b The Octopus Publishing ,   |c 1990 
490 0 |a The big book of ... 
740 0 |a Space 
999 |a 027464   |b BUKU   |c PINJAMAN   |e PERPUSTAKAAN KOMUNITI PETALING JAYA